ბათუმის შოთა რუსთაველის სახელმწიფო უნივერსიტეტის ბიბლიოთეკა

Технология машиностроения(cпециальная часть). (ბიბ.ჩანაწერი № 37180)

000 -LEADER
fixed length control field 00706nam a2200217Ia 4500
001 - CONTROL NUMBER
control field 3136
003 - CONTROL NUMBER IDENTIFIER
control field GE_BSU
008 - FIXED-LENGTH DATA ELEMENTS--GENERAL INFORMATION
fixed length control field 181216s||||||||xx |||||||||||||| ||und||
040 ## - CATALOGING SOURCE
Transcribing agency GE_BSU
080 ## - UNIVERSAL DECIMAL CLASSIFICATION NUMBER
Universal Decimal Classification number 621.757(075.8)
100 ## - MAIN ENTRY--PERSONAL NAME
Personal name Гусев,А.А. Ковальчук Е.Р. Колесов,И.М. и др.
245 ## - TITLE STATEMENT
Title Технология машиностроения(cпециальная часть).
245 ## - TITLE STATEMENT
Remainder of title Учебник.
245 ## - TITLE STATEMENT
Statement of responsibility, etc. Ред. Н.А.Лебедева, И.С.Форсмен.
260 ## - PUBLICATION, DISTRIBUTION, ETC.
Place of publication, distribution, etc. М.
260 ## - PUBLICATION, DISTRIBUTION, ETC.
Name of publisher, distributor, etc. Машиностроение.
260 ## - PUBLICATION, DISTRIBUTION, ETC.
Date of publication, distribution, etc. 1986.
300 ## - PHYSICAL DESCRIPTION
Extent 480 стр. с илл.
653 ## - INDEX TERM--UNCONTROLLED
Uncontrolled term Технология машиностроения.
942 ## - ADDED ENTRY ELEMENTS (KOHA)
Koha item type წიგნი
ეგზემპლარები
Withdrawn status Lost status Damaged status Not for loan Date acquired Barcode Date last seen Price effective from Koha item type
        2018-12-17 8467 2018-12-17 2018-12-17 წიგნი
        2018-12-17 8468 2018-12-17 2018-12-17 წიგნი
        2018-12-17 8469 2018-12-17 2018-12-17 წიგნი
        2018-12-17 8470 2018-12-17 2018-12-17 წიგნი